|
|
|
|
| LEADER |
01262nam a2200361Ia 4500 |
| 001 |
EBC3300455 |
| 003 |
MiAaPQ |
| 005 |
20200520144314.0 |
| 006 |
m o d | |
| 007 |
cr cn||||||||| |
| 008 |
941123s1986 mau sb 001 0 eng d |
| 020 |
|
|
|z 0674920872
|
| 020 |
|
|
|z 9780674920873
|
| 020 |
|
|
|z 0674920880
|
| 020 |
|
|
|z 9780674920880
|
| 035 |
|
|
|a (MiAaPQ)EBC3300455
|
| 035 |
|
|
|a (Au-PeEL)EBL3300455
|
| 035 |
|
|
|a (CaPaEBR)ebr10318448
|
| 035 |
|
|
|a (OCoLC)434586574
|
| 040 |
|
|
|a MiAaPQ
|c MiAaPQ
|d MiAaPQ
|
| 050 |
|
4 |
|a HB501
|b .F644 1986
|
| 100 |
1 |
|
|a Foley, Duncan K.
|
| 245 |
1 |
0 |
|a Understanding capital
|h [electronic resource] :
|b Marx's economic theory /
|c Duncan K. Foley.
|
| 260 |
|
|
|a Cambridge, MA :
|b Harvard University Press,
|c 1986.
|
| 300 |
|
|
|a viii, 183 p.
|
| 504 |
|
|
|a Includes bibliography and index.
|
| 533 |
|
|
|a Electronic reproduction. Ann Arbor, MI : ProQuest, 2015. Available via World Wide Web. Access may be limited to ProQuest affiliated libraries.
|
| 600 |
1 |
0 |
|a Marx, Karl,
|d 1818-1883.
|t Kapital.
|
| 650 |
|
0 |
|a Capital.
|
| 650 |
|
0 |
|a Marxian economics.
|
| 655 |
|
4 |
|a Electronic books.
|
| 710 |
2 |
|
|a ProQuest (Firm)
|
| 856 |
4 |
0 |
|u https://ebookcentral.proquest.com/lib/matrademy/detail.action?docID=3300455
|z Click to View
|